01321nam a2200301 i 4500003000900000005001700009008004100026040004600067041000800113082002700121092000700148099003500155100005600190245014100246264005400387300002800441336002200469337002400491338003300515504006100548546009600609650002900705856005700734905001300791942001900804999001700823952017900840EG-GICUC20260121101222.0251115s2001    ua ||||fr|||| 00| 0 ara d  a EG-GICUCbarac EG-GICUCd EG-GICUCerda0 aara04221a341.83bع ن . ق04221  aLaw1 12	341.83 ع ن . ق	20010 aعنايت عبدالحميد ثابتeمؤلف.12aالقيود المفروض علي ظاهرة انتقال الافراد عبر الحدود /cعنايت عبدالحميد ثابت.  aدون مكان نشر:bدون ناشر،c2001.  a96 ؛صفحةc24 سم.  2rda contentatext  2rda mediaaComputer  2rda carrieraOnline Resource  aيحتوي على ارجاعات ببليوجرافية
  aالنص أغلبه باللغة العربية مع بعض النصوص الفرنسية1 aمركز الاجانب.40uhttps://fll.law.cu.edu.eg/fulltext/bks/B12-01244.pdf  a75eYara  2ddcn0cBKe21  c43313d43313  00102ddc40718القانون الدولي الخاصaCUbLAW1d2025-11-15l0oLaw1 12	341.83 ع ن . ق	2001 1201244	C1pB12-01244r2025-11-15 14:25:10t1w2025-11-15yBK